Declaración sobre gestiones realizadas por el gobierno de los Estados Unidos de América en favor de inmigrantes centroamericanos

Saved in:
Bibliographic Details
Format: Text
Subjects:
Tags: Add Tag
No Tags, Be the first to tag this record!

MARC

LEADER 00000 a a2200000 04500
001 16152
003
040
245 |a Declaración sobre gestiones realizadas por el gobierno de los Estados Unidos de América en favor de inmigrantes centroamericanos  
650 |a MIGRACIONES  
650 |a ACUERDOS INTERNACIONALES  
773 |g número 52; páginas 543  
999 |c 31556  |d 31556